| 000 | 00602nam a2200205Ia 4500 | ||
|---|---|---|---|
| 003 | GCL | ||
| 008 | 140319s9999 xx 000 0 ara d | ||
| 040 |
_aGCL / _cGCL |
||
| 082 | 0 | 4 |
_a811.3 _bع د |
| 100 | 1 | _aعبدالستار احمد فراج | |
| 245 | 1 | 0 |
_aديوان مجنون ليلى / _cعبدالستار احمد فراج |
| 260 |
_a[S.N] : _bمكتبة مصر ، _c1979 |
||
| 300 | _a296 ص | ||
| 490 | _a | ||
| 650 | 0 | 4 | _aالشعر العربى |
| 650 | 0 | 4 | _aالادب العربى |
| 650 | 0 | 4 | _aالشعر الغزلى |
| 650 | 0 | 4 | _aدواوين وقصائد |
| 942 |
_2ddc _cBK |
||
| 999 |
_c33865 _d33865 |
||